000 00859nam a2200301Ia 4500
001 Z_2043
003 CHAP
008 220113s1996 xx 000 0 und d
010 _a165116
040 _cCHAP
090 _aFolleto 321
100 _aBarretero Hernández, Rodolfo
_9139155
245 _aPruebas de comportamiento de prospectos a sementales de la raza Angus y Braunvieh /
_cpor Rodolfo Barretero Hernández, Miguel Luna Luna y Manuel Gustavo Chávez Ruíz
260 _aOjuelos, Jal. :
_bCampo Experimental Vaquerías,
_c1996
300 _a13 p.
440 _a
500 _a
503 _a
650 _aChávez Ruíz, Manuel Gustavo
_9139156
650 _aLuna Luna, Miguel
_9139157
650 _aSementales
_9139158
901 _aFolleto 321
902 _aA
910 _a1996
942 _cc14
942 _cc14
999 _c165116
_d165116